The environment in economics and development: (Record no. 597786)

000 -LEADER
fixed length control field 00322nam a2200121Ia 4500
008 - FIXED-LENGTH DATA ELEMENTS--GENERAL INFORMATION
fixed length control field 230907s9999||||xx |||||||||||||| ||und||
082 ## - DEWEY DECIMAL CLASSIFICATION NUMBER
Classification number 333.7,DAY
100 ## - MAIN ENTRY--PERSONAL NAME
Personal name Dayal, Vikram.
9 (RLIN) 115184
245 #4 - TITLE STATEMENT
Title The environment in economics and development:
260 ## - PUBLICATION, DISTRIBUTION, ETC.
Place of publication, distribution, etc. Springer
Name of publisher, distributor, etc. New York
Date of publication, distribution, etc. 2014
300 ## - PHYSICAL DESCRIPTION
Extent xi,84p.:
942 ## - ADDED ENTRY ELEMENTS (KOHA)
Koha item type Book
Holdings
Withdrawn status Lost status Damaged status Not for loan Permanent Location Current Location Date acquired Total Checkouts Full call number Barcode Date last seen Price effective from Koha item type
        US-Pakistan Center for Advanced Studies in Energy (USPCAS-E) US-Pakistan Center for Advanced Studies in Energy (USPCAS-E) 04/10/2018   333.7,DAY CAS-E0001885 09/12/2023 09/12/2023 Book
© 2023 Central Library, National University of Sciences and Technology. All Rights Reserved.